Visual dialogue: An introduction to the appreciation of art (Record no. 75959)

MARC details
000 -LEADER
fixed length control field 00453nam a2200157Ia 4500
005 - DATE AND TIME OF LATEST TRANSACTION
control field 20240821154657.0
008 - FIXED-LENGTH DATA ELEMENTS--GENERAL INFORMATION
fixed length control field 240821s9999||||xx |||||||||||||| ||und||
082 ## - DEWEY DECIMAL CLASSIFICATION NUMBER
Classification number 709 KNO
100 ## - MAIN ENTRY--PERSONAL NAME
Personal name Knobler, Nathan
245 #0 - TITLE STATEMENT
Title Visual dialogue: An introduction to the appreciation of art
250 ## - EDITION STATEMENT
Edition statement 2nd ed.
260 ## - PUBLICATION, DISTRIBUTION, ETC.
Place of publication, distribution, etc. New York
Name of publisher, distributor, etc. Holt Rinehart & Winston Inc.
Date of publication, distribution, etc. 1971
300 ## - PHYSICAL DESCRIPTION
Extent x,342p
650 ## - SUBJECT ADDED ENTRY--TOPICAL TERM
Topical term or geographic name entry element ARTS,CRAFTS,MUSIC,SPORTS,AND RECREATIONS
942 ## - ADDED ENTRY ELEMENTS (KOHA)
Koha item type Book
Holdings
Withdrawn status Lost status Damaged status Not for loan Home library Current library Date acquired Total checkouts Barcode Date last seen Price effective from Koha item type
        Library and Documentation Division NCERT Library and Documentation Division NCERT 08/21/2024   59308 08/21/2024 08/21/2024 Book